01242nam a2200241Ia 4500001001100000003001000011008004100021040002500062041001300087100002400100245002900124250001100153260006700164300002700231500019000258501011400448520019000562650003100752942000700783957000600790999004200796952016200838L239-11397IT-CnALBA170116s9999||||xx |||||||||||||| ||und|| aIT-CnALBAcIT-CnALBA aITALIANO aFELICI ICILIO, SAC. 0aPRETI. - TESTIMONIANZE.  a4a ed. aCINISELLO BALSAMO (MI)bEDIZIONI PAOLINEc1959 [1° Ed.: n.d.] a234 p. (prefazione: 7) aBUON PASTORE. GIUSTIZIA CON LO STATO. AMORE VICENDEVOLE. MALE. VITE E TRALCI. FIGLIOL PRODIGO. VOCE DEL DESERTO. LEGGENDA DI DON MAURO. VITTORIA DI DON ANGELO. RISPOSTA DI DON FABIANO.  aSocietà San Paolo EM - Piazza San Paolo, 14 - 12051 ALBA (CN) (non commercial uses only) ® Copyright 2017 aBUON PASTORE. GIUSTIZIA CON LO STATO. AMORE VICENDEVOLE. MALE. VITE E TRALCI. FIGLIOL PRODIGO. VOCE DEL DESERTO. LEGGENDA DI DON MAURO. VITTORIA DI DON ANGELO. RISPOSTA DI DON FABIANO.  aAPOLOGETICA E CONTROVERSIE cBK 71 a16150bNOg Copie: 1 c270574d270574 0010406L_2391139771aALBAbALBAd2017-01-16l0oL239-11397r2017-01-16 00:00:00w2017-01-16yBKz(data import: 16 gennaio 2017) - By Epidotti, Vaglietti.